|
|
|
|
| LEADER |
00000caa a22000002c 4500 |
| 001 |
1645342433 |
| 003 |
DE-627 |
| 005 |
20220616121817.0 |
| 007 |
tu |
| 008 |
160405s2005 xx ||||| 00| ||dut c |
| 035 |
|
|
|a (DE-627)1645342433
|
| 035 |
|
|
|a (DE-576)466303580
|
| 035 |
|
|
|a (DE-599)BSZ466303580
|
| 040 |
|
|
|a DE-627
|b ger
|c DE-627
|e rakwb
|
| 041 |
|
|
|a dut
|
| 084 |
|
|
|a 1
|2 ssgn
|
| 100 |
1 |
|
|a Moyaert, Paul
|4 aut
|
| 109 |
|
|
|a Moyaert, Paul
|
| 245 |
1 |
3 |
|a De jouissance bij Lacan
|b proeve van een fenomenologische begripsverklaring
|
| 264 |
|
1 |
|c 2005
|
| 336 |
|
|
|a Text
|b txt
|2 rdacontent
|
| 337 |
|
|
|a ohne Hilfsmittel zu benutzen
|b n
|2 rdamedia
|
| 338 |
|
|
|a Band
|b nc
|2 rdacarrier
|
| 652 |
|
|
|a VA
|
| 689 |
0 |
0 |
|d p
|0 (DE-588)118568507
|0 (DE-627)079364810
|0 (DE-576)209004312
|2 gnd
|a Lacan, Jacques
|d 1901-1981
|
| 689 |
0 |
1 |
|d s
|0 (DE-588)4156660-9
|0 (DE-627)104324732
|0 (DE-576)209828536
|2 gnd
|a Genuss
|
| 689 |
0 |
2 |
|d s
|0 (DE-588)4005248-5
|0 (DE-627)106382365
|0 (DE-576)208859918
|2 gnd
|a Begriff
|
| 689 |
0 |
|
|5 (DE-627)
|
| 700 |
1 |
|
|a Schouwaerts, Yves
|4 aut
|
| 773 |
0 |
8 |
|i In
|t Bijdragen
|d Leuven : Peeters, 1953
|g 66(2005), 1, Seite 88-110
|w (DE-627)129887145
|w (DE-600)301293-1
|w (DE-576)015187896
|x 0923-7976
|7 nnas
|
| 773 |
1 |
8 |
|g volume:66
|g year:2005
|g number:1
|g pages:88-110
|
| 935 |
|
|
|a mteo
|
| 951 |
|
|
|a AR
|
| ELC |
|
|
|b 1
|
| ITA |
|
|
|a 1
|t 1
|
| LOK |
|
|
|0 000 xxxxxcx a22 zn 4500
|
| LOK |
|
|
|0 001 3313725902
|
| LOK |
|
|
|0 003 DE-627
|
| LOK |
|
|
|0 004 1645342433
|
| LOK |
|
|
|0 005 20160405142500
|
| LOK |
|
|
|0 008 160404||||||||||||||||ger|||||||
|
| LOK |
|
|
|0 040
|a DE-Tue135
|c DE-627
|d DE-Tue135
|
| LOK |
|
|
|0 092
|o n
|
| LOK |
|
|
|0 852
|a DE-Tue135
|
| LOK |
|
|
|0 852 1
|9 00
|
| LOK |
|
|
|0 935
|a ixzs
|a ixmi
|
| LOK |
|
|
|0 936ln
|0 1442053844
|a VA
|
| LOK |
|
|
|0 939
|a 04-04-16
|b l01
|
| ORI |
|
|
|a SA-MARC-ixtheoa001.raw
|
| REL |
|
|
|a 1
|
| STA |
0 |
0 |
|a Concept of,Idea,Conception,Enjoyment,Pleasure
|
| STB |
0 |
0 |
|a Concept,Terme,Terme,Plaisir
|
| STC |
0 |
0 |
|a Placer,Término,Concepto,Concepto
|
| STD |
0 |
0 |
|a Concetto,Piacere
|
| STE |
0 |
0 |
|a 享受,乐趣,概念
|
| STF |
0 |
0 |
|a 享受,樂趣,概念
|
| STG |
0 |
0 |
|a Prazer,Termo,Conceito,Conceito
|
| STH |
0 |
0 |
|a Понятие,Удовольствие
|
| STI |
0 |
0 |
|a Έννοια,Απόλαυση,Ευχαρίστηση
|
| SUB |
|
|
|a REL
|
| SYG |
0 |
0 |
|a Lacan, Jacques-Marie Émile,1901-1981,Lacan, Jacques-Marie Emile,1901-1981,Lacan, J.,1901-1981,Lacan,1901-1981,Lacan, Jacques-Marie,1901-1981 , Geniessen , Konzept
|